000 00364nam a2200145Ia 4500
008 230411s9999 xx 000 0 und d
020 _a81-8448-625-1
041 _aeng
082 _aAD/610.7/BAS/B01379
100 _aBasavanthappa BT
245 _aNursing Education
260 _bJaypee Brothers
_aNew Delhi
_c2003
300 _a993p
999 _c152698
_d152698